| 000 | 01413nam0a22002891 4500 | ||
|---|---|---|---|
| 001 | rc\3203716 | ||
| 005 | 20130115135620.5 | ||
| 021 |
_aRU _b[76-63327] |
||
| 035 | _a(NLR Aleph) 007463088 | ||
| 090 |
_a7337841 _c7337841 |
||
| 100 | _a20130115d1976 |||y0rusy50 ca | ||
| 101 | 0 | _arus | |
| 102 | _aRU | ||
| 105 | _ay z ||||| | ||
| 200 | 1 |
_aСовершенствование управления машиностроительным производством _e[Обзор _fКандидаты экон. наук Ю.Н. Голубев и В.С. Кабаков] _gНауч.-исслед. ин-т информации по машиностроению |
|
| 210 |
_aМосква _cНИИмаш _d1976 |
||
| 215 |
_a60 с. _d21 |
||
| 225 | 1 | _aСерия С-7 "Научная организация труда и производства. Механизация и автоматизация инженерного и управленческого труда в машиностроении" | |
| 320 | _aСписок лит.: с. 57-59 (80 назв.) | ||
| 606 |
_aМашиностроительные заводы _xУправление _2psbo |
||
| 700 | 1 |
_aГолубев _bЮ. Н. _gЮрий Николаевич |
|
| 701 | 1 |
_aКабаков _bВ. С. _f1930 _gВиктор Степанович |
|
| 801 | 0 |
_aRU _bNLR _gpsbo |
|
| 801 | 1 |
_aRU _bELAR _2rusmarc |
|
| 852 |
_aNLR _j77-6/459 |
||
| 942 | _cBOOK | ||
| 980 | _aNB | ||